000 00482nam a2200169 a 4500
001 3619
005 20140414132021.0
008 040721s19uu xx 00 eng d
050 _aTR
_bG62 1975
100 _aBrown, Margaret Wise
245 _aGoodnight moon /
_cby Margaret Wise Brown ; pictures by Clement Hurd.
260 _a[s.l.] :
_bHarper Collins,
_c1975.
300 _a1 v. p. : ill. ; cm.
650 _aMoon
_xFiction.
650 _aChildren stories.
999 _c113477
_d113477